000 00649nam a2200253Ia 4500
003 OSt
005 20221006145046.0
006 a|||||r|||| 00| 0
007 ta
008 221006b |||||||| |||| 00| 0 eng d
020 _c
_6.00
024 _a13,648
037 _cTextual
040 _aEASL
_cEASL
_beng
041 _2eng
_aeng
082 _aV5:19(zL).N45, K0
100 _aFEIS Herbert
245 0 _aBetween war and peace
260 _aPrinceton
_bPrinceton University Press
_c1970
300 _a367p.
_ccm.
490 _v Oth
942 _hV5:19(zL).N45, K0
_cTEXL
_2CC
999 _c1081734
_d1081734